| 000 | 00838nam a22002655i 4500 | ||
|---|---|---|---|
| 001 | 11439 | ||
| 003 | ES-MaACL | ||
| 005 | 20230906150112.0 | ||
| 007 | t| | ||
| 008 | 921222s1992 sp ||||0| spa j | ||
| 020 | _a84-7100-427-5 (rúst.) | ||
| 040 |
_aM-BN _bspa _cM-BN |
||
| 080 | _a983.541 S | ||
| 100 | 1 |
_aRamón, Armando de. _995202 |
|
| 245 | 1 | 0 |
_aSantiago de Chile (1541-1991) _b: historia de una sociedad urbana / _cArmando de Ramón. |
| 260 |
_aMadrid : _bMAPFRE, _c[1992] |
||
| 300 |
_a342 p : _bil ; _c23 cm. |
||
| 490 | 1 |
_aColección Ciudades de Iberoamérica ; _v6 |
|
| 500 | _aIndice. | ||
| 504 | _aBibliografía: p. [331]-334. | ||
| 651 | 4 |
_aSantiago (Chile)- _xHistoria. _99365 |
|
| 830 | 0 |
_aColección Ciudades de Iberoamérica ; _v6 _9179074 |
|
| 852 |
_aES-MaACL _jL-18764 _bR.124037 |
||
| 999 |
_c11439 _d11439 |
||